000 00352nam a2200145Ia 4500
008 150201s1983 xx 000 0 und d
082 _a610.7
_bA83C
100 _aCOLLINS , SHECILA
245 _aAN INTRODUCTION TO NURSING
250 _a1ST
260 _bTHE MAENILLAN PRESS
_aYORKSHIRE
_c1983
300 _a114
650 _aNURSING
942 _2ddc
_cBK
999 _c1874
_d1874